[Event "Moscow op (Women) 16th"]
[Site "Moscow"]
[Date "2020.01.25"]
[Round "1"]
[White "Sidorova, Margarita"]
[Black "Khachatryan, Anna"]
[Result "0-1"]
[WhiteElo "1714"]
[BlackElo "2051"]
[PlyCount "108"]
[EventDate "2020.01.25"]
[EventType "swiss"]
[EventRounds "9"]
[EventCountry "RUS"]
[SourceTitle "CBM 194 Extra"]
[Source "ChessBase"]
[SourceDate "2020.03.31"]
[SourceVersion "1"]
[SourceVersionDate "2020.03.31"]
[SourceQuality "1"]

1. d4 Nf6 2. c4 c5 3. d5 b5 4. cxb5 a6 5. bxa6 g6 6. Nf3 Bg7 7. Nc3 0-0 8. e4 Qa5 9. Bd2 Bxa6 10. Be2 d6 11. 0-0 Bxe2 12. Qxe2 Qa6 13. Rfe1 Qxe2 14. Rxe2 Nbd7 15. h3 Rfb8 16. Rb1 Ne8 17. b3 Nc7 18. Rd1 Rb7 19. Ne1 Nb5 20. Nxb5 Rxa2 21. Nxd6 exd6 22. Nd3 Rxb3 23. Nc1 Ra1 24. Nxb3 Rxd1+ 25. Re1 Rxe1+ 26. Bxe1 c4 27. Nc1 Nc5 28. f3 c3 29. Bg3 c2 30. Bxd6 Bb2 31. Ne2 Nd3 32. Be7 c1Q+ 33. Nxc1 Bxc1 34. Kf1 Bb2 35. d6 Nc5 36. Ke2 f6 37. Kd2 Kf7 38. Kc2 Be5 39. Bd8 Ke6 40. Bb6 Kxd6 41. Ba5 Ne6 42. g4 Nd4+ 43. Kd3 Nxf3 44. Ke3 Nh4 45. Bd8 g5 46. Ba5 Kc5 47. Bd8 Kc4 48. Bb6 Ng6 49. Kf3 Kd3 50. Bd8 Nh4+ 51. Kf2 Kxe4 52. Ba5 Bd4+ 53. Kg3 Ke3 54. Bd8 Be5# 0-1

[Event "Moscow Time of the First U15 Girls"]
[Site "Moscow"]
[Date "2019.06.23"]
[Round "9"]
[White "Volegova, Polina"]
[Black "Sidorova, Margarita"]
[Result "1-0"]
[WhiteElo "1667"]
[BlackElo "1502"]
[PlyCount "107"]
[EventDate "2019.06.17"]
[EventType "swiss"]
[EventRounds "9"]
[EventCountry "RUS"]
[SourceTitle "EXT 2021"]
[Source "ChessBase"]
[SourceDate "2020.10.23"]
[SourceVersion "1"]
[SourceVersionDate "2020.10.23"]
[SourceQuality "1"]

1. e4 c5 2. c3 d5 3. exd5 Qxd5 4. d4 e6 5. Nf3 Nc6 6. Be3 cxd4 7. cxd4 Bb4+ 8. Nc3 Nf6 9. a3 Bxc3+ 10. bxc3 Qa5 11. Qb3 Bd7 12. Bd3 0-0 13. 0-0 Qc7 14. Rab1 Na5 15. Qb2 Rfc8 16. Rfc1 Nc4 17. Bxc4 Qxc4 18. Ne5 Qa4 19. Nxd7 Nxd7 20. Qxb7 Rab8 21. Rb4 Rxb7 22. Rxa4 Nb6 23. Rb4 Rbc7 24. Rb3 Nd5 25. c4 Kf8 26. c5 e5 27. Kf1 exd4 28. Bxd4 Rc6 29. Re1 Nc7 30. Be5 Ne6 31. Bd6+ Kg8 32. Rb7 h6 33. Rxa7 Nxc5 34. Bxc5 Rxc5 35. g3 Rc1 36. Rae7 Kf8 37. Re8+ Rxe8 38. Rxc1 Ra8 39. Ra1 Ke7 40. Ke2 Kd6 41. a4 Kc5 42. Kd3 Kb4 43. Rb1+ Ka5 44. Rb7 g5 45. Rxf7 Ra6 46. h4 gxh4 47. Rf5+ Kxa4 48. Rf4+ Kb3 49. Rxh4 Re6 50. f4 Rg6 51. f5 Rxg3+ 52. Ke4 Kc4 53. f6 Rg1 54. f7 1-0

[Event "Moscow Time of the First U15 Girls"]
[Site "Moscow"]
[Date "2019.06.20"]
[Round "5"]
[White "Kastanieda, Alla"]
[Black "Sidorova, Margarita"]
[Result "1/2-1/2"]
[WhiteElo "1339"]
[BlackElo "1502"]
[PlyCount "65"]
[EventDate "2019.06.17"]
[EventType "swiss"]
[EventRounds "9"]
[EventCountry "RUS"]
[SourceTitle "EXT 2021"]
[Source "ChessBase"]
[SourceDate "2020.10.23"]
[SourceVersion "1"]
[SourceVersionDate "2020.10.23"]
[SourceQuality "1"]

1. d4 d5 2. c4 e6 3. Nf3 Nf6 4. g3 Be7 5. Bg2 0-0 6. 0-0 c6 7. Qc2 Nbd7 8. Nbd2 b6 9. b3 Bb7 10. Bb2 Rc8 11. Rac1 c5 12. cxd5 Nxd5 13. Qb1 Bf6 14. a3 cxd4 15. Nxd4 Nc5 16. b4 Na4 17. Rxc8 Qxc8 18. Rc1 Qd7 19. Ba1 Rc8 20. Rxc8+ Qxc8 21. Qc2 Qxc2 22. Nxc2 Bxa1 23. Nxa1 Ba6 24. Bxd5 exd5 25. e3 Nc3 26. Kg2 Kf8 27. Nc2 Ke8 28. Nd4 Kd7 29. N2f3 f6 30. Nd2 Bd3 31. h4 Ne4 32. N2b3 Nc3 33. Nd2 1/2-1/2

[Event "Moscow Time of the First U15 Girls"]
[Site "Moscow"]
[Date "2019.06.18"]
[Round "2"]
[White "Sidorova, Margarita"]
[Black "Lebedeva, Ulyana"]
[Result "0-1"]
[WhiteElo "1502"]
[BlackElo "1675"]
[PlyCount "64"]
[EventDate "2019.06.17"]
[EventType "swiss"]
[EventRounds "9"]
[EventCountry "RUS"]
[SourceTitle "EXT 2021"]
[Source "ChessBase"]
[SourceDate "2020.10.23"]
[SourceVersion "1"]
[SourceVersionDate "2020.10.23"]
[SourceQuality "1"]

1. d4 d5 2. c4 c6 3. Nc3 e6 4. e4 dxe4 5. Nxe4 Nf6 6. Nxf6+ Qxf6 7. Nf3 b6 8. a3 h6 9. Bd3 Bd6 10. Be3 Bb7 11. Be4 0-0 12. 0-0 Nd7 13. b4 Qe7 14. b5 Rac8 15. a4 f5 16. Bxc6 Bxc6 17. bxc6 Rxc6 18. Qe2 e5 19. d5 Rcc8 20. Rfe1 Rce8 21. g3 f4 22. Bd2 Qf7 23. gxf4 exf4 24. Qf1 Qh5 25. Re6 Qxf3 26. Rxd6 Ne5 27. Re6 Rxe6 28. dxe6 Rf5 29. Qd1 Rg5+ 30. Kf1 Qh3+ 31. Ke2 Qd3+ 32. Ke1 Rg1# 0-1